00856nam a2200229 a 450000100060000000300080000600500170001400800410003103500190007204000390009104100080013008200240013824501390016226000390030130000350034050001080037550400500048365000120053365000310054565000330057670000170060972659BD-RjUL20211209082308.0170522s1963 nyua b 101 0 eng d a(BD-RjUL)72877 aDLCcDLCdDLCdOCoLCdBD-RjULbeng aeng00223a571.2bENV 196310aEnvironmental control of plant growth :bproceedings of a symposium held at Canberra, Australia, August, 1962 /cedited by L.T. Evans. aNew York :bAcademic Press,c1963. axvii, 449 p. :bill. ;c24 cm. a"Sponsored by the Australian Academy of Science and by the International Union of Biological Sciences." aIncludes bibliographical references and index 0a Plants 0aPlant ecologyxCongresses. 0aGrowth (Plants)xCongresses. aEvans, L. T.